Out of the Ashes. Life, death and transfiguration of democracy in Chile, 1833-1988.
Uloženo v:
| Hlavní autor: | |
|---|---|
| Médium: | Kniha |
| Jazyk: | angličtina |
| Vydáno: |
Washington, D.C, United States of America:
Regnery Gateway,
1989.
|
| Témata: | |
| Tagy: |
Přidat tag
Žádné tagy, Buďte první, kdo vytvoří štítek k tomuto záznamu!
|
MARC
| LEADER | 00000nam a2200000 a 4500 | ||
|---|---|---|---|
| 001 | UCZ0391 | ||
| 003 | CL-VaPUC | ||
| 005 | 20240826144615.0 | ||
| 008 | 950728e19890000US |||||||||||||||||eng|d | ||
| 999 | |c 237323 |d 237321 | ||
| 020 | |a 0-89526-553-2 | ||
| 040 | |c Pontificia Universidad Católica de Valparaíso | ||
| 082 | 0 | 4 | |a 983 WHE 1989 |2 21 |
| 100 | 0 | |a Whelan, James R |e author |9 343178 | |
| 245 | 1 | 0 | |a Out of the Ashes. |b Life, death and transfiguration of democracy in Chile, 1833-1988. |
| 260 | |a Washington, D.C, United States of America: |b Regnery Gateway, |c 1989. | ||
| 300 | |a XX, 1120 páginas. | ||
| 500 | |a c.2 Donación Familia Prof. Alejandro Guzmán Brito. | ||
| 583 | |a last modification |c 20120830 10:32:31 |k Rodrigo Vera | ||
| 650 | 7 | |a HISTORIA DE CHILE |2 CL-VaPUC |9 343179 |y 1833-1988 | |
| 650 | 0 | |a Política gubernamental |z CHILE |9 262286 | |
| 650 | 0 | |a Sociología política |z CHILE |9 255920 | |
| 650 | 0 | |a Democracia |z CHILE |9 255256 | |
| 650 | 0 | |a Golpe de estado |z CHILE |9 264543 | |
| 852 | |a BIBCUR | ||
| 942 | |c BK |2 ddc |n 0 | ||
| 945 | |d 19950728 00:00:00 |a rbrito | ||
| 952 | |0 0 |1 0 |2 ddc |4 0 |6 983_000000000000000_WHE_1989 |7 0 |8 A |9 246250 |a BIBHIS |b BIBHIS |d 2019-11-18 |i 3114775 |o 983 WHE 1989 |p 3114775 |r 2025-01-20 |t 1 |w 2019-11-18 |y BK |k HIS | ||